| 000 | 00468nam a22001817a 4500 | ||
|---|---|---|---|
| 003 | CEME | ||
| 005 | 20210628201646.0 | ||
| 008 | 210204b xxu||||| |||| 00| 0 eng d | ||
| 020 | _a81-203-2284-3 | ||
| 040 | _c. | ||
| 082 | _a005.1 SIN | ||
| 100 |
_aSingh, Arindama _956213 |
||
| 245 | _aLogics for computer science | ||
| 260 |
_aNEW DELHI _bPRENTICE HALL OF INDIA _c2003 |
||
| 300 | _aIX,369P | ||
| 650 |
_aLOGIC FOR COMPUTER SCIENCE _956214 |
||
| 942 |
_cBK _2ddc |
||
| 999 |
_c566704 _d566704 |
||